Aryfmetyka dlja 5 klasu

Bibliographic Details
Main Author: Havlík, Miroslav (Author)
Format: Book
Language:Ukrainian
PhysicalDescription:207 strán 8°
Published: Bratislava Slovenské pedagogické nakladateľstvo 1963
Edition:1. vydanie
Subjects:

MARC

LEADER 00000cam a2200000 a 4500
001 vtls001480604
003 SK-MaSNL
005 20260301015034.0
008 040825s1963 xo b p 00000 ukr
015 |a SNBA1963 
035 |a SNK000435902 
040 |a SNK  |b slo  |c SNK  |e AACR2 
041 0 |a ukr 
044 |a xo  |c SK 
080 |a 511.1  |2 2011 
080 |a (075.2)  |2 2011 
100 1 |a Havlík, Miroslav  |4 aut  |9 304258 
245 1 0 |a Aryfmetyka dlja 5 klasu  |c Miroslav Havlik 
250 |a 1. vydanie 
260 |a Bratislava  |b Slovenské pedagogické nakladateľstvo  |c 1963 
300 |a 207 strán  |c 8° 
650 0 7 |a aritmetika  |2 SNKPH  |9 734 
655 7 |a učebnice základných škôl  |2 SNKPH  |9 70187 
958 |a OND 
999 |c 559913  |d 561843 
952 |t P60, <04>, [BOOK], {604}  |a SNK  |b SNK  |y VYP  |7 0  |p 17A0440347  |o snkSC 18869 D1  |i snkKSP 2508/64  |0 0  |1 0  |4 0  |d 2004-08-25  |l 0  |r 2005-01-02 00:00:00  |w 2026-02-23 
952 |a SNK  |b SNK  |y PREZ  |7 0  |p 17A0892722  |o snkSC 18869   |0 0  |1 0  |4 0  |d 2012-08-28  |l 0  |r 2025-07-25 00:00:00  |w 2026-02-23